[Event "FSIMA September"]
[Site "Budapest HUN"]
[Date "2009.09.16"]
[Round "12"]
[White "Lorand,N"]
[Black "Moskovic,D"]
[Result "1/2-1/2"]
[WhiteElo "2339"]
[BlackElo "2307"]

1.e4 c5 2.Nf3 d6 3.d4 cxd4 4.Nxd4 Nf6 5.Nc3 a6 6.Be3 e5 7.Nb3 Be6 8.f3 Be7
9.Qd2 O-O 10.O-O-O Nbd7 11.g4 b5 12.g5 b4 13.Ne2 Ne8 14.f4 a5 15.f5 a4 16.fxe6 axb3
17.exf7+ Rxf7 18.Kb1 bxc2+ 19.Kxc2 Nb6 20.Nc1 d5 21.exd5 Nd6 22.Kb1 Nbc4
23.Bxc4 Nxc4 24.Qe2 Nxe3 25.g6 Nxd1 26.gxf7+ Kxf7 27.Rxd1 Qd6 28.Nd3 Bf6
29.Qe4 Rb8 30.Rc1 Rb5 31.Qxh7 Rxd5 32.Nf2 Rd2 33.Ne4 Qd3+ 34.Ka1 Rc2 35.Rb1 Qe2
36.Qf5 Ke7 37.Ng3 Qxh2 38.Qe4 Qd2 39.Nf5+ Kf8 40.Qa8+ Kf7 41.Qb7+ Ke6  1/2-1/2

[Event "FSIMA September"]
[Site "Budapest HUN"]
[Date "2009.09.17"]
[Round "13"]
[White "Turzo,A"]
[Black "Stoenescu,R"]
[Result "1-0"]
[WhiteElo "2314"]
[BlackElo "2175"]

1.e4 c5 2.Nf3 d6 3.d4 cxd4 4.Nxd4 Nf6 5.Nc3 a6 6.Be3 e6 7.Qd2 b5 8.f3 Bb7
9.a4 b4 10.Nce2 d5 11.e5 Nfd7 12.f4 Qa5 13.Nc1 Nc6 14.Ncb3 Qc7 15.a5 Rc8
16.Bd3 g5 17.g3 gxf4 18.gxf4 Nxd4 19.Nxd4 Nc5 20.O-O Nxd3 21.Qxd3 Bc5 22.c3 bxc3
23.bxc3 Ba7 24.Rab1 Ba8 25.Qxa6 Qxc3 26.Rb3 Qc7 27.Rc1 Qxc1+ 28.Bxc1 Bxd4+
29.Kg2 O-O 30.Ba3 Rc2+ 31.Kh3 Bc5 32.Bxc5 Rxc5 33.Rg3+ Kh8 34.Qd6 Rcc8 35.Qe7  1-0

[Event "TCh-POL"]
[Site "Lublin POL"]
[Date "2009.09.17"]
[Round "6"]
[White "Leniart,A"]
[Black "Jakubiec,A"]
[Result "0-1"]
[WhiteElo "2390"]
[BlackElo "2529"]

1.e4 c5 2.Nf3 d6 3.d4 cxd4 4.Nxd4 Nf6 5.Nc3 a6 6.Be3 e6 7.g3 Be7 8.Bg2 O-O
9.O-O Nc6 10.Kh1 Nxd4 11.Bxd4 e5 12.Be3 Be6 13.Bg5 Rc8 14.Bxf6 Bxf6 15.Nd5 Bg5
16.c3 Rc5 17.Qd3 Bxd5 18.exd5 Qc7 19.Rae1 Rc4 20.Re4 Rxe4 21.Bxe4 g6 22.Bg2 f5
23.Qe2 Bf6 24.Rd1 Kg7 25.c4 a5 26.b3 h5 27.f3 Qc5 28.Qe1 Bg5 29.Qc3 Be3 30.a3 Bd4
31.b4 Qc7 32.Qc2 Qc5 33.Qc3 Qc7 34.Qc2 h4 35.g4 fxg4 36.fxg4 Rf2 37.Qd3 b6
38.Rf1 Qf7 39.g5 Qf4 40.Rxf2 Bxf2 41.Qe2 Bd4 42.Qd3 Bf2 43.Qe2 Bd4 44.h3 Qxg5
45.Qe1 Qf4 46.bxa5 bxa5 47.a4 Bc5 48.Be4 Bf2 49.Qb1 Qg3 50.Bg2 Bc5 51.Qf1 Qe3
52.Bf3 e4 53.Bg4 Bd4 54.Be6 Bf6 55.Bg4 Qg3 56.Qg1 Be5 57.Qxg3 hxg3 58.Kg2 Kf6
59.h4 Bf4 60.Bd7 Ke5 61.Be8 Kd4 62.Bxg6 e3 63.Bh5 Kxc4 64.Be2+ Kc3 65.Kf3 Kd2
66.Bf1 Be5  0-1

[Event "TCh-ROU Superliga"]
[Site "Eforie Nord ROU"]
[Date "2009.09.20"]
[Round "2"]
[White "Lupulescu,C"]
[Black "Teodorescu,I"]
[Result "1-0"]
[WhiteElo "2599"]
[BlackElo "2266"]

1.e4 c5 2.Nf3 d6 3.d4 cxd4 4.Nxd4 Nf6 5.Nc3 a6 6.Be3 Nc6 7.f3 e6 8.Qd2 Be7
9.O-O-O Qc7 10.g4 O-O 11.g5 Ne8 12.h4 b5 13.Kb1 Bb7 14.Nxc6 Qxc6 15.h5 b4
16.Ne2 d5 17.Nd4 Qd7 18.e5 Nc7 19.Bd3 Bc5 20.g6 h6 21.Bxh6 Bxd4 22.Bxg7 f5
23.h6 f4 24.Qxb4 Be3 25.Bxf8 Rxf8 26.h7+  1-0

[Event "TCh-ROU Superliga"]
[Site "Eforie Nord ROU"]
[Date "2009.09.23"]
[Round "5"]
[White "Iordachescu,V"]
[Black "Banikas,H"]
[Result "1-0"]
[WhiteElo "2607"]
[BlackElo "2599"]

1.e4 c5 2.Nf3 d6 3.d4 cxd4 4.Nxd4 Nf6 5.Nc3 a6 6.Be3 e6 7.g4 h6 8.Bg2 Bd7
9.h3 Nc6 10.f4 Qc7 11.Qe2 Be7 12.O-O-O Rc8 13.Kb1 b5 14.Nb3 Nd8 15.Qf2 b4
16.Bb6 Qb8 17.Ne2 Bc6 18.Ng3 O-O 19.Bd4 e5 20.g5 hxg5 21.fxg5 Nh7 22.Ba7 Qa8
23.h4 g6 24.Na5 Ba4 25.b3 Bb5 26.Nf5 gxf5 27.exf5 Nc6 28.Bb6 Bd8 29.Bxd8 Rfxd8
30.g6 Nf6 31.Qg3 Kf8 32.h5 Qa7 33.Nxc6 Bxc6 34.Bxc6 Rxc6 35.h6 Qc5 36.Qg2 Ke7
37.h7 Rcc8 38.g7 Nxh7 39.Rxh7 Rg8 40.Rh6 Qc6 41.f6+  1-0

[Event "TCh-ROU w Superliga"]
[Site "Eforie Nord ROU"]
[Date "2009.09.25"]
[Round "7"]
[White "Uta,Ad"]
[Black "Paulet,I"]
[Result "0-1"]
[WhiteElo "2031"]
[BlackElo "2342"]

1.e4 c5 2.Nf3 d6 3.d4 cxd4 4.Nxd4 Nf6 5.Nc3 a6 6.Be3 e5 7.Nb3 Be6 8.f3 Be7
9.Qd2 O-O 10.O-O-O b5 11.g4 Nbd7 12.Qf2 b4 13.Nd5 a5 14.Nxe7+ Qxe7 15.g5 Ne8
16.Kb1 Nc7 17.f4 a4 18.Nd2 exf4 19.Bxf4 Ne5 20.Nf3 b3 21.cxb3 axb3 22.a3 Bg4
23.Be2 Ne6 24.Qg3 Qc7 25.Rc1 Qb7 26.Nxe5 Bxe2 27.Nc6 Rfc8 28.Rhe1 Nxf4 29.Qxf4 Bd3+  0-1

[Event "TCh-NED 2009-10"]
[Site "Netherlands NED"]
[Date "2009.09.26"]
[Round "1"]
[White "Bolwerk,P"]
[Black "Rietman,F"]
[Result "1/2-1/2"]
[WhiteElo "2266"]
[BlackElo "2250"]

1.e4 c5 2.Nf3 d6 3.d4 cxd4 4.Nxd4 Nf6 5.Nc3 a6 6.Be3 e5 7.Nb3 Be6 8.f3 Nbd7
9.g4 b5 10.g5 b4 11.Ne2 Nh5 12.Qd2 a5 13.Ng3 Nxg3 14.hxg3 a4 15.Nc1 Qa5 16.f4 g6
17.Nd3 Bg7 18.f5 gxf5 19.exf5 Bxf5 20.Nxb4 a3 21.b3 e4 22.O-O-O Bg4 23.Bh3 Bxh3
24.Rxh3 O-O 25.Qxd6 Ne5 26.Bb6 Qb5 27.Nd5 Rfe8 28.Nc7 Qe2 29.Qd2 Qg4 30.Rh4 Qxg3
31.Nxe8 Nf3 32.Qd5 Rxe8 33.Rxe4 Rxe4 34.Qxe4 Qxg5+ 35.Be3 Qf6 36.Qe8+ Bf8
37.Bd4 Qh6+ 38.Be3 Qf6 39.Bd4 Qh6+ 40.Kb1 Nxd4 41.Rg1+ Kh8 42.Qxf7 Bg7 43.Re1 Bf8
44.c3 Nb5 45.Re8 Qh1+ 46.Kc2 Qh2+ 47.Kd3 Qd6+ 48.Kc2 Qh2+ 49.Kd3 Qd6+ 50.Kc2 Qh2+  1/2-1/2

[Event "TCh-ISL 2009-10"]
[Site "Rekjavik ISL"]
[Date "2009.09.27"]
[Round "4"]
[White "Olafsson,Thorv"]
[Black "Gislason,G"]
[Result "0-1"]
[WhiteElo "2211"]
[BlackElo "2348"]

1.e4 c5 2.Nf3 d6 3.d4 cxd4 4.Nxd4 Nf6 5.Nc3 a6 6.Be3 Nc6 7.f3 e5 8.Nb3 Be7
9.Qd2 O-O 10.O-O-O a5 11.Bb5 Be6 12.Qf2 Nd7 13.Na4 Nb4 14.Kb1 Qc7 15.a3 Nc6
16.Nb6 Nxb6 17.Bxb6 Qc8 18.Qe2 a4 19.Nc1 Na5 20.Na2 Nc4 21.Bxc4 Bxc4 22.Qf2 f5
23.exf5 Qxf5 24.Nc3 Qf7 25.Qd2 Ra6 26.Be3 Rc8 27.Nd5 Bd8 28.Nb4 Ba5 29.c3 Bxb4
30.cxb4 b5 31.Rc1 Qf5+ 32.Ka1 Rac6 33.Rc3 d5 34.Bc5 d4 35.Rcc1 Bf7 36.Rhe1 Qe6
37.b3 axb3 38.Kb2 Ra8 39.Ra1 Rca6 40.Bxd4 Rd6 41.Rad1 Rxa3 42.Qc1  0-1

[Event "10th Veselin Boskovic Mem"]
[Site "Beograd SRB"]
[Date "2009.10.02"]
[Round "6.1"]
[White "Pikula,D"]
[Black "Arsovic,G"]
[Result "1-0"]
[WhiteElo "2562"]
[BlackElo "2439"]

1.e4 c5 2.Nf3 d6 3.d4 cxd4 4.Nxd4 Nf6 5.Nc3 a6 6.Be3 e5 7.Nb3 Be6 8.Qd2 Nbd7
9.f4 Qc7 10.f5 Bc4 11.Bxc4 Qxc4 12.Qd3 Qxd3 13.cxd3 d5 14.exd5 Bb4 15.Ke2 Bxc3
16.bxc3 Nxd5 17.Bd2 Rc8 18.Rhc1 O-O 19.g4 f6 20.c4 Ne7 21.Rab1 h5 22.h3 Kf7
23.Be3 b6 24.Nd2 Rc6 25.Ne4 hxg4 26.hxg4 Rh8 27.Rh1 Rxh1 28.Rxh1 Kg8 29.Rb1 g6
30.fxg6 Kg7 31.a4 Kxg6 32.a5 Nc8 33.axb6 Ncxb6 34.Rh1 Nc8 35.Rh6+ Kg7 36.g5 Ne7
37.Ng3 fxg5 38.Nf5+ Kf8 39.Rh8+  1-0

[Event "FSIMB October"]
[Site "Budapest HUN"]
[Date "2009.10.04"]
[Round "2"]
[White "Szalanczy,E"]
[Black "Nguyen,T"]
[Result "1/2-1/2"]
[WhiteElo "2354"]
[BlackElo "2437"]

1.e4 c5 2.Nf3 d6 3.d4 cxd4 4.Nxd4 Nf6 5.Nc3 a6 6.Be3 e5 7.Nb3 Be6 8.Qd2 Nbd7
9.f3 Be7 10.g4 O-O 11.g5 Nh5 12.O-O-O Nb6 13.Kb1 Rc8 14.Rg1 g6 15.Qf2 Nc4
16.Bxc4 Rxc4 17.Nd5 Bxd5 18.Rxd5 b5 19.Qd2 Qc7 20.Rd1 Rc8 21.c3 Rb8 22.Bc5 Nf4
23.Bxd6 Bxd6 24.Rxd6 b4 25.cxb4 Rcxb4 26.Rd8+ Kg7 27.Rxb8 Qxb8 28.Nc5 Rd4
29.Qc2 Rxd1+ 30.Qxd1 Qb5 31.Na4 Nh3 32.Nc3 Qc4 33.Qd6 Qf1+ 34.Kc2 Qxf3 35.Qxe5+ Kg8
36.b4 Qg2+ 37.Kb3 Nxg5 38.Ka4 Nf3 39.Qf6 h5 40.Ka5 Nxh2 41.a4 Ng4 42.Qd8+ Kh7
43.Kxa6 Qg3 44.Nd5 h4 45.Qf8 Qf2 46.b5 h3 47.b6 h2 48.b7 h1=Q 49.b8=Q Qa1
50.Qbe8 Qg7 51.Qfe7 g5 52.a5 Nh6 53.Qc6 Ng8 54.Qec7 g4 55.Kb7 g3 56.a6 g2
57.a7 g1=Q 58.a8=Q Qb1+ 59.Nb6 Nf6 60.e5 Ng4 61.Qae8 Qff5 62.Qce7 Nh6 63.Kc7 Qbe4
64.Nd5 Qf5xe5+ 65.Qxe5 Qgxe5+ 66.Qxe5 Qxe5+ 67.Kd8 Kg7 68.Ne7 Qb8+ 69.Kd7 Qa7+
70.Kd6 Qa3+ 71.Kd7 Qd3+ 72.Ke8 Qh3 73.Qd5 Qg4 74.Qe5+ f6 75.Qd5 Qa4+  1/2-1/2

[Event "FSIMB October"]
[Site "Budapest HUN"]
[Date "2009.10.04"]
[Round "2"]
[White "Szalanczy,E"]
[Black "Nguyen,T"]
[Result "1/2-1/2"]
[WhiteElo "2354"]
[BlackElo "2437"]

1.e4 c5 2.Nf3 d6 3.d4 cxd4 4.Nxd4 Nf6 5.Nc3 a6 6.Be3 e5 7.Nb3 Be6 8.Qd2 Nbd7
9.f3 Be7 10.g4 O-O 11.g5 Nh5 12.O-O-O Nb6 13.Kb1 Rc8 14.Rg1 g6 15.Qf2 Nc4
16.Bxc4 Rxc4 17.Nd5 Bxd5 18.Rxd5 b5 19.Qd2 Qc7 20.Rd1 Rc8 21.c3 Rb8 22.Bc5 Nf4
23.Bxd6 Bxd6 24.Rxd6 b4 25.cxb4 Rcxb4 26.Rd8+ Kg7 27.Rxb8 Qxb8 28.Nc5 Rd4
29.Qc2 Rxd1+ 30.Qxd1 Qb5 31.Na4 Nh3 32.Nc3 Qc4 33.Qd6 Qf1+ 34.Kc2 Qxf3 35.Qxe5+ Kg8  1/2-1/2

[Event "ch-ChessClub A"]
[Site "Reykjavik ISL"]
[Date "2009.10.07"]
[Round "6"]
[White "Ptacnikova,L"]
[Black "Gretarsson,Hj"]
[Result "0-1"]
[WhiteElo "2285"]
[BlackElo "2320"]

1.e4 c5 2.Nf3 d6 3.d4 cxd4 4.Nxd4 Nf6 5.Nc3 a6 6.Be3 e5 7.Nb3 Be6 8.Qd2 Nbd7
9.f3 Be7 10.O-O-O O-O 11.g4 b5 12.g5 b4 13.gxf6 bxc3 14.Qxc3 Nxf6 15.Rg1 Kh8
16.Qe1 Qc7 17.Bd3 a5 18.Kb1 Rfb8 19.Bc1 Nh5 20.Qf1 a4 21.Nd2 Nf4 22.Bc4 Rc8
23.b3 Qa7 24.Bxe6 fxe6 25.b4 d5 26.a3 Qb7 27.Bb2 Bxb4 28.axb4 Qxb4 29.Kc1 d4  0-1

[Event "ch-ChessClub A"]
[Site "Reykjavik ISL"]
[Date "2009.10.14"]
[Round "9"]
[White "Bjornsson,Si"]
[Black "Gretarsson,Hj"]
[Result "1-0"]
[WhiteElo "2287"]
[BlackElo "2320"]

1.e4 c5 2.Nf3 d6 3.d4 cxd4 4.Nxd4 Nf6 5.Nc3 a6 6.Be3 e5 7.Nb3 Be6 8.f3 Be7
9.Qd2 O-O 10.O-O-O Nbd7 11.g4 b5 12.g5 b4 13.Ne2 Ne8 14.f4 a5 15.f5 Bxb3
16.cxb3 a4 17.bxa4 Rxa4 18.Kb1 Rxa2 19.Nc1 Ra8 20.Nb3 Qb8 21.Bc4 Nb6 22.Bxb6 Qxb6
23.Rhg1 Qa7 24.f6 Qa2+ 25.Kc2 Rc8 26.Qe2 d5 27.Rxd5 Nd6 28.Rxd6 Bxd6 29.Ra1 Qxa1
30.Nxa1 Rc7 31.Kb3 Ra8 32.Nc2 Rac8 33.Ne3  1-0

[Event "24th GP Open A"]
[Site "Le Touquet FRA"]
[Date "2009.10.24"]
[Round "1"]
[White "Van Kerkhof,D"]
[Black "Rigolot,L"]
[Result "1-0"]
[WhiteElo "2219"]
[BlackElo "1853"]

1.e4 c5 2.Nf3 d6 3.d4 cxd4 4.Nxd4 Nf6 5.Nc3 a6 6.Be3 e6 7.Be2 Nbd7 8.g4 Ne5
9.f4 Nc6 10.g5 Nd7 11.Qd2 Be7 12.O-O-O Qc7 13.h4 b6 14.Nf5 exf5 15.Nd5 Qb7
16.exf5 Nc5 17.Bf3 O-O 18.Nxe7+ Qxe7 19.Bxc6 Bxf5 20.Bxa8 Rxa8 21.Rhe1 Qc7
22.Bxc5 Qxc5 23.c3 Rd8 24.Qxd6 Qxd6 25.Rxd6 Rb8 26.Rxb6  1-0

[Event "Open"]
[Site "Liberec CZE"]
[Date "2009.10.24"]
[Round "1"]
[White "Skokan,F"]
[Black "Kriebel,T"]
[Result "0-1"]
[WhiteElo "1853"]
[BlackElo "2173"]

1.e4 c5 2.Nf3 d6 3.d4 cxd4 4.Nxd4 Nf6 5.Nc3 a6 6.Be3 e5 7.Nb3 Be7 8.f3 O-O
9.Qd2 Be6 10.O-O-O Nbd7 11.g4 b5 12.g5 b4 13.Nd5 Nxd5 14.exd5 Bf5 15.h4 a5
16.Bd3 Bxd3 17.Qxd3 a4 18.Nd2 b3 19.axb3 axb3 20.Nxb3 Qb8 21.h5 Qb4 22.Qe4 Qb5
23.Qd3 Qa4 24.Qf5 Rfc8 25.Rd3 Nc5 26.Bxc5 dxc5 27.g6 hxg6 28.hxg6 Qf4+ 29.Qxf4 exf4
30.gxf7+ Kxf7 31.Nd2 c4 32.Rd4 Ra1+ 33.Nb1 c3 34.Rxf4+ Kg8 35.Rg1 Bc5 36.Re1 Rb8
37.b3 Ba3+ 38.Kd1 Rxb1+ 39.Ke2 Rxe1+ 40.Kxe1 Rxb3 41.cxb3 c2 42.Rc4 c1=Q+
43.Rxc1 Bxc1 44.Ke2 Kf7 45.Kd3 Kf6 46.b4 Ke5 47.Kc4 Be3 48.Kd3 Ba7 49.Kc4 g5  0-1

[Event "TCh-SLO East 1st League"]
[Site "Sentjur SLO"]
[Date "2009.10.24"]
[Round "3"]
[White "Breznik,K"]
[Black "Buzeti,J"]
[Result "0-1"]
[WhiteElo "2178"]
[BlackElo "2214"]

1.e4 c5 2.Nf3 d6 3.d4 cxd4 4.Nxd4 Nf6 5.Nc3 a6 6.Be3 e5 7.Nf3 h6 8.h3 Be6
9.Be2 Nbd7 10.O-O b5 11.a4 b4 12.Nd5 a5 13.Bb5 Nxd5 14.exd5 Bf5 15.Nd2 Be7
16.Nc4 O-O 17.g4 Be4 18.Bxd7 Qxd7 19.Nb6 Qb7 20.Nxa8 Qxa8 21.f4 Bxd5 22.Rf2 Bb7
23.Kh2 Qc8 24.Kg3 Qd8 25.Rd2 f5 26.gxf5 Rxf5 27.Kh2 exf4 28.Bd4 Bh4 29.Qg4 Bg3+
30.Kg1 Rg5 31.Qe6+ Kh7 32.Rd3 Bh4+ 33.Kf1 Bg2+ 34.Ke2 Bd5  0-1

[Event "Chigorin Mem Open"]
[Site "St Petersburg RUS"]
[Date "2009.10.24"]
[Round "9"]
[White "Anisimov,P2"]
[Black "Zhigalko,A"]
[Result "0-1"]
[WhiteElo "2518"]
[BlackElo "2601"]

1.e4 c5 2.Nf3 d6 3.d4 cxd4 4.Nxd4 Nf6 5.Nc3 a6 6.Be3 e6 7.g4 h6 8.h3 b5 9.Bg2 Bb7
10.a3 Nbd7 11.Nde2 g5 12.f4 gxf4 13.Nxf4 Ne5 14.Qe2 Be7 15.Nd3 Nfd7 16.a4 Bh4+
17.Bf2 Bxf2+ 18.Qxf2 h5 19.gxh5 bxa4 20.Nf4 Nc5 21.O-O Qe7 22.Rad1 Bc6 23.Nd3 Ncd7
24.Nb4 Bb7 25.Qd4 Rxh5 26.Qxd6 Qxd6 27.Rxd6 Ke7 28.Rd4 a3 29.bxa3 Rc8 30.Nba2 Rc4
31.Rfd1 Rxd4 32.Rxd4 Nc6 33.Rd2 Ra5 34.Rd3 Nde5 35.Rg3 Nd4 36.Nb4 Rc5 37.Kh2 a5
38.Na4 Rc7 39.Nd3 Nd7 40.c3 Ne2 41.Rg5 Nxc3 42.Nac5 a4 43.Nxb7 Rxb7 44.Nb4 Rc7
45.Ra5 Nb6 46.e5 Kf8 47.Bc6 Kg7 48.h4 Nb1 49.Ra6 Nc4 50.Bxa4 Nbxa3 51.Nc6 Rb7
52.Nd8 Rb2+ 53.Kg3 Nxe5 54.Nxe6+ fxe6 55.Rxe6 Nac4 56.h5 Kf7 57.Ra6 Nb6 58.Bd1 Kf6
59.Bc2 Kg5 60.Bd1 Nbc4  0-1

[Event "Chigorin Mem Open"]
[Site "St Petersburg RUS"]
[Date "2009.10.24"]
[Round "9"]
[White "Letov,P"]
[Black "Duzhakov,I"]
[Result "0-1"]
[WhiteElo "2157"]
[BlackElo "2321"]

1.e4 c5 2.Nf3 d6 3.d4 Nf6 4.Nc3 cxd4 5.Nxd4 a6 6.Be3 e5 7.Nb3 Be6 8.f3 Be7
9.Qd2 Nbd7 10.O-O-O O-O 11.g4 b5 12.g5 b4 13.Ne2 Ne8 14.f4 a5 15.f5 a4 16.fxe6 axb3
17.exf7+ Rxf7 18.Kb1 bxc2+ 19.Qxc2 Bxg5 20.Bxg5 Qxg5 21.Ng3 Nb6 22.Qb3 d5
23.Qxb4 Qg6 24.Bh3 Nc4 25.Rhf1 Qa6 26.Rxf7 Qxa2+ 27.Kc2 Kxf7 28.Nf5 Ra7 29.exd5 Rc7
30.d6 Ncxd6+ 31.Kd3 Qd5+ 32.Ke2 Rc2+ 33.Rd2 Nxf5 34.Bxf5 Qg2+ 35.Kd3 Rxd2+
36.Qxd2 Qf3+ 37.Kc4 Qxf5 38.Qa5 Qc2+ 39.Kd5 Nf6+ 40.Kd6 Qxh2 41.Qa2+ Kg6  0-1

[Event "Chigorin Mem Open"]
[Site "St Petersburg RUS"]
[Date "2009.10.24"]
[Round "9"]
[White "Zinchenko,Ya"]
[Black "Gorkavij,V"]
[Result "0-1"]
[WhiteElo "2539"]
[BlackElo "2314"]

1.e4 c5 2.Nf3 d6 3.d4 cxd4 4.Nxd4 Nf6 5.Nc3 a6 6.Be3 e5 7.Nb3 Be6 8.Qd2 Be7
9.f3 h5 10.O-O-O Nbd7 11.Kb1 Rc8 12.Nd5 Bxd5 13.exd5 Nb6 14.Bxb6 Qxb6 15.Bd3 g6
16.Rhe1 Nxd5 17.Bxg6 Nc3+ 18.bxc3 fxg6 19.Qd3 Kf7 20.f4 Rhd8 21.f5 g5 22.f6 Bxf6
23.Qh7+ Ke6 24.Kc1 Rh8 25.Qg6 Rcg8 26.Qe4 g4 27.Rd3 Ke7 28.Nd4 Bg5+ 29.Kd1 Rf8
30.Qg6 Rhg8 31.Qh7+ Kd8 32.Nb3 Kc8 33.Qxh5 Kb8 34.Qh7 Rh8 35.Qd7 Rxh2 36.Qxg4 Bh4
37.g3 Qf2 38.Nd2 Be7 39.Qd7 Qf7 40.c4 Rd8 41.Qg4 Rf8 42.Qe4 Qf2 43.Qd5 Bg5
44.c3 Ka8 45.g4 Ka7 46.Rh1 Qe2+ 47.Kc2 e4 48.Rxh2 exd3+ 49.Kb3 Qxh2 50.Qxg5 Qf4
51.Qe7 Qxd2 52.Qxf8 Qc2+ 53.Kb4 Qb2+ 54.Ka4 Qxa2+ 55.Kb4 a5+ 56.Kb5 Qb3+  0-1

[Event "8th TCh-Eur w"]
[Site "Novi Sad SRB"]
[Date "2009.10.25"]
[Round "4"]
[White "Ohme,M"]
[Black "Stiri,A"]
[Result "0-1"]
[WhiteElo "2310"]
[BlackElo "2198"]

1.e4 c5 2.Nf3 d6 3.d4 cxd4 4.Nxd4 Nf6 5.Nc3 a6 6.Be3 e6 7.Bd3 b5 8.a3 Bb7
9.O-O Nbd7 10.f4 Nc5 11.e5 dxe5 12.fxe5 Nd5 13.Qf3 Qd7 14.Nxd5 Bxd5 15.Qg4 Nxd3
16.cxd3 g6 17.Nf3 h5 18.Qg3 Be7 19.Ng5 O-O 20.Ne4 Bxe4 21.dxe4 Kg7 22.Qf4 Rac8
23.Rac1 Rxc1 24.Bxc1 Qd4+ 25.Kh1 g5 26.Qg3 h4 27.Qg4 Qxe5 28.Bd2 f5 29.Qh5 fxe4
30.Rd1 Qf5 31.h3 Bf6 32.Bb4 Rf7 33.Qe2 Be5 34.Bd2 Kg6 35.Be3 Bc7 36.Bg1 Qe5
37.Rd4 e3 38.Rd3 Rf2 39.Qxe3 Rf1 40.g3 Qxe3 41.Rxe3 Rxg1+  0-1

[Event "24th GP Open A"]
[Site "Le Touquet FRA"]
[Date "2009.10.26"]
[Round "3"]
[White "Melnikova,Y"]
[Black "Burg,T"]
[Result "0-1"]
[WhiteElo "2288"]
[BlackElo "2449"]

1.e4 c5 2.Nf3 d6 3.d4 cxd4 4.Nxd4 Nf6 5.Nc3 a6 6.Be3 e5 7.Nb3 Be7 8.f3 Be6
9.Qd2 O-O 10.O-O-O a5 11.Bb5 Nbd7 12.Qe2 Qc7 13.Kb1 Nb6 14.g4 Nc4 15.Nd5 Nxd5
16.exd5 Nxe3 17.Qxe3 Bd7 18.Bd3 a4 19.Nd2 a3 20.b3 g6 21.c4 e4 22.Nxe4 f5
23.Ng5 Bf6 24.gxf5 Rae8 25.Ne6 Bxe6 26.dxe6 Qe7 27.Rhg1 Bg7 28.Qg5 Qc7 29.fxg6 h6
30.Qd5 Qe7 31.Be4 Kh8 32.Rd4 Qf6 33.Rgd1 Rxe6 34.Qa5 d5 35.cxd5 Ra6 36.Qc7 Rb6
37.Kc2 Rd6 38.Qc5 Qe7 39.Kd3 Qe5 40.Rc4 Rfd8 41.Ke3 Qxh2 42.Qxa3 h5 43.Qa5 b6
44.Qa7 b5 45.Rcd4 R6d7 46.Qc5 Rc7 47.Qb4 Bh6+ 48.f4 Bxf4+ 49.Kf3 Bd6 50.Qxb5 Rf8+
51.Ke3 Rc3+  0-1

[Event "8th TCh-Eur w"]
[Site "Novi Sad SRB"]
[Date "2009.10.27"]
[Round "6"]
[White "Mijovic,A"]
[Black "Nikolova,A"]
[Result "1-0"]
[WhiteElo "2173"]
[BlackElo "2334"]

1.e4 c5 2.Nf3 d6 3.d4 cxd4 4.Nxd4 Nf6 5.Nc3 a6 6.Be3 e5 7.Nb3 Be6 8.f3 Be7
9.Qd2 O-O 10.O-O-O Nbd7 11.g4 b5 12.a3 Nb6 13.g5 Nh5 14.Nd5 Bxd5 15.exd5 f5
16.Na5 f4 17.Bxb6 Qxb6 18.h4 Ng3 19.Rh2 Nf5 20.Nc6 Bd8 21.Bd3 Ne3 22.Re1 Qb7
23.Be4 Qd7 24.Qd3 Nf5 25.Bxf5 Rxf5 26.Re4 Rf7 27.a4 bxa4 28.Rxa4 Bb6 29.c3 Be3+
30.Kc2 Qc8 31.b4 Rc7 32.Kb3 g6 33.Rha2 Qh3 34.Qe4 Qf1 35.Ra1 Qf2 36.h5 gxh5
37.g6 Qg2 38.gxh7+ Rxh7 39.Rxa6 Rxa6 40.Rxa6 Qg1 41.Ra8+ Kg7 42.Nxe5 Kh6
43.Ra1 Qg8 44.Ra6 Kg5 45.Rxd6 Rg7 46.Nc4 Rg6 47.Qe7+ Kh6 48.Nxe3 fxe3 49.Qxe3+ Kh7
50.Qe4 Kh6 51.Rxg6+ Qxg6 52.Qxg6+ Kxg6 53.b5 h4 54.b6 h3 55.b7 h2 56.b8=Q h1=Q
57.Qd6+ Kg7 58.Qe7+ Kg6 59.Qe4+ Kf6 60.d6 Qd1+ 61.Kc4 Qa4+ 62.Kd3 Qd1+ 63.Ke3 Qe1+
64.Kd4 Qd2+ 65.Qd3 Qf4+ 66.Kc5 Qe5+ 67.Kb4 Qe6 68.Qd4+ Kf7 69.Qf4+ Ke8 70.c4 Kd7
71.Qg4  1-0

[Event "IV Open"]
[Site "Bogota COL"]
[Date "2009.10.29"]
[Round "1"]
[White "Perez Garcia,Rodn"]
[Black "Narvaez,F"]
[Result "1-0"]
[WhiteElo "2446"]
[BlackElo "2137"]

1.e4 c5 2.Nf3 d6 3.d4 cxd4 4.Nxd4 Nf6 5.Nc3 a6 6.Be3 e5 7.Nb3 Be6 8.f3 Be7
9.Qd2 O-O 10.O-O-O Qc7 11.g4 Rc8 12.g5 Nh5 13.Kb1 b5 14.Nd5 Bxd5 15.exd5 Nd7
16.Bh3 a5 17.Bxd7 Qxd7 18.Nxa5 Nf4 19.Bxf4 exf4 20.Nc6 Bxg5 21.h4 Bf6 22.Qb4 h5
23.Rd3 Re8 24.a3 Re3 25.Qxb5 Rae8 26.a4 g6 27.a5 Rxd3 28.cxd3 Re2 29.d4 Rd2
30.a6  1-0

[Event "IV Open"]
[Site "Bogota COL"]
[Date "2009.10.30"]
[Round "2"]
[White "Manrique,F"]
[Black "Mateus,Al"]
[Result "0-1"]
[WhiteElo "2019"]
[BlackElo "2241"]

1.e4 c5 2.Nf3 d6 3.d4 cxd4 4.Nxd4 Nf6 5.Nc3 a6 6.Be3 e5 7.Nb3 Be6 8.f3 Nbd7
9.Qd2 b5 10.O-O-O Nb6 11.Bxb6 Qxb6 12.Nd5 Bxd5 13.exd5 a5 14.Kb1 g6 15.Qc3 a4
16.Nc1 Rb8 17.a3 Be7 18.Na2 O-O 19.Nb4 Rfc8 20.Qd2 Rb7 21.h4 e4 22.Qd4 Qxd4
23.Rxd4 exf3 24.gxf3 Rc5 25.Be2 Nh5 26.Rh3 Bf6 27.Re4 Ng7 28.Bd3 Be5 29.Rh1 f5
30.Ree1 Nh5 31.Reg1 Kf8 32.Bf1 Nf4 33.Bg2 Bd4 34.Rd1 Bxb2 35.Kxb2 Nxg2 36.h5 Ne3
37.Rd3 Nc4+ 38.Ka2 Ne5 39.Re3 f4 40.Re2 g5 41.Rf1 Rc3 42.Ref2 Nc4 43.Nc6 Rxa3+
44.Kb1 h6 45.Nd4 b4 46.Re1 b3 47.cxb3 axb3 48.Ne6+ Kg8 49.Nd8 Rba7  0-1

[Event "IV Open"]
[Site "Bogota COL"]
[Date "2009.10.30"]
[Round "3"]
[White "Manrique,F"]
[Black "Rodriguez Rueda,P"]
[Result "0-1"]
[WhiteElo "2019"]
[BlackElo "2009"]

1.e4 c5 2.Nf3 d6 3.d4 cxd4 4.Nxd4 Nf6 5.Nc3 a6 6.Be3 e5 7.Nb3 Be6 8.f3 Be7
9.Qd2 Nbd7 10.O-O-O b5 11.Kb1 Qc7 12.g4 h6 13.Nd5 Bxd5 14.exd5 Rc8 15.Qf2 e4
16.Bg2 exf3 17.Bxf3 Ne5 18.Bb6 Qb8 19.Bd4 Qc7 20.Rd2 O-O 21.Rg1 Nh7 22.Be4 Ng5
23.Qg2 Nxe4 24.Qxe4 Bg5 25.Re2 Rfe8 26.Qh1 Qc4 27.Qg2 Ng6 28.Rxe8+ Rxe8 29.Bc3 Nf4
30.Na5 Qc7 31.Qf3 Ne2 32.Rf1 Re3 33.Qf2 Nxc3+ 34.bxc3 Re5 35.Nb3 Rxd5 36.Qf3 Re5
37.Qa8+ Kh7 38.Qxa6 Qxc3 39.Qa5 b4 40.Qb6 Re1+ 41.Rxe1 Qxe1+ 42.Kb2 Bf6+  0-1

[Event "Open"]
[Site "Liberec CZE"]
[Date "2009.10.30"]
[Round "8"]
[White "Kriebel,T"]
[Black "Prigodinas,R"]
[Result "1-0"]
[WhiteElo "2173"]
[BlackElo "1723"]

1.e4 c5 2.Nf3 d6 3.d4 cxd4 4.Nxd4 Nf6 5.Nc3 a6 6.Be3 e5 7.Nb3 Be6 8.f3 Be7
9.Qd2 Nbd7 10.g4 b5 11.Nd5 Bxd5 12.exd5 Nb6 13.Bxb6 Qxb6 14.O-O-O b4 15.Kb1 O-O
16.Bd3 Nd7 17.f4 exf4 18.Nd4 Ne5 19.Nf5 Bf6 20.Qxf4 Nxd3 21.Rxd3 Be5 22.Qg5 Bf6
23.Qh5 g6 24.Qh6 Rfc8 25.g5 gxf5 26.gxf6  1-0

[Event "Corsica Masters"]
[Site "Bastia FRA"]
[Date "2009.10.31"]
[Round "9"]
[White "Guliyev,N"]
[Black "Gruenfeld,Y"]
[Result "1/2-1/2"]
[WhiteElo "2525"]
[BlackElo "2474"]

1.e4 c5 2.Nf3 d6 3.d4 cxd4 4.Nxd4 Nf6 5.Nc3 a6 6.Be3 e5 7.Nf3 Be7 8.Bc4 O-O
9.O-O Qc7 10.Qd3 b5 11.Bb3 Be6 12.a4 Bc4 13.Bxc4 bxc4 14.Qe2 Nbd7 15.Nd2 Rfc8
16.a5 Rab8 17.Ra4 Rxb2 18.Rxc4 Qb7 19.Qd3 Rb4 20.Rxb4 Qxb4 21.Nd5 Nxd5 22.Qxa6 Rxc2
23.Qa8+ Bf8 24.Qxd5 Nf6 25.Qa8 d5 26.a6 d4 27.Bg5 Ra2 28.Nf3 Qa5 29.Qb8 Qxa6
30.Qxe5 Ra1 31.Nd2 Ra5 32.Qg3 h6 33.Bxf6 Qxf6 34.Qd3 Rc5 35.Nc4 Rc8 36.g3 Bc5
37.Rc1 Rb8 38.Nd2 Qb6 39.Kg2 Qb5 40.Rc4 Qb6 41.Nf3 Rd8 42.Rc2 Bf8 43.Ne5 Qe6
44.Nc6 Rd6 45.Nxd4 Qe5 46.Nf3 Rxd3 47.Nxe5 Rd8 48.f4 Bd6 49.Nc6 Ra8 50.e5 Bf8
51.Kf3 g6 52.Ke4 h5 53.Kd5 Ra1 54.Nd4 Ra5+ 55.Ke4 Ra4 56.Rc8 Kg7 57.Rc7 Kg8
58.Ke3 Ra3+ 59.Kf2 Ra2+ 60.Nc2 Ra5 61.Kf3 Rc5 62.Rxc5 Bxc5 63.Ne3 Kg7 64.Ke4 Bb6
65.Nd5 Bg1 66.h3 Bf2 67.Kf3 Bd4 68.Ke2 Bc5 69.Nf6 Bd4 70.Kd3 Bf2 71.Ne4 Ba7
72.Kc4 Be3 73.Kd3 Ba7 74.Ke2 Bd4 75.Kf3 Kf8 76.Nf6 Ke7 77.Ke4 Bf2 78.g4 hxg4
79.Nxg4 Be1 80.f5 gxf5+ 81.Kxf5 Kf8 82.Kg5 Bd2+ 83.Kf6 Be1 84.Nh2 Bh4+ 85.Kf5 Kg7
86.Nf3 Be7 87.h4 Ba3 88.Ng5 Bc1 89.Ne4 Be3 90.Nf6 Bd2 91.Ng4 Be1 92.h5 Bh4
93.Ne3 Bf2 94.Kf4 Be1 95.Ng4 Bh4 96.Ke4 Bg5 97.Kf5 Bd8 98.Nh2 Kh6 99.Kg4 f5+
100.Kxf5 Kxh5 101.Ng4 Be7 102.Nf6+ Kh4 103.Ne4 Ba3 104.e6 Kh5 105.Kf6 Kh6
106.Kf7 Bb4 107.Ke8 Kg6 108.Kd7 Bf8 109.Nd6 Kf6 110.Nc8 Kg7 111.Nb6 Kf6 112.Nc4 Kf5
113.Nd6+ Kf6 114.Ne8+ Ke5 115.Nc7 Kf6 116.Na6 Ke5 117.Nb8 Kf6 118.Nc6 Kf5
119.Nd4+ Kf6 120.Ne2 Ke5 121.Ng3 Kf6 122.Nh5+ Kf5 123.Ng7+ Kf6 124.Ke8 Kxg7
125.e7 Bxe7 126.Kxe7  1/2-1/2

[Event "IV Open"]
[Site "Bogota COL"]
[Date "2009.10.31"]
[Round "4"]
[White "Ospina Ortiz,O"]
[Black "Guerrero Fandino,G"]
[Result "0-1"]
[WhiteElo "1992"]
[BlackElo "2143"]

1.e4 c5 2.Nf3 d6 3.d4 cxd4 4.Nxd4 Nf6 5.Nc3 a6 6.Be3 e5 7.Nb3 Be6 8.f3 Nbd7
9.Qd2 h5 10.Rg1 b5 11.O-O-O Nb6 12.Qf2 Nfd7 13.Kb1 Rc8 14.f4 Rxc3 15.bxc3 Na4
16.Qe1 Qc7 17.Bd2 exf4 18.Bxf4 Nxc3+ 19.Kb2 Nxd1+ 20.Qxd1 Be7 21.c3 Nb6 22.Qd4 Bf6
23.Bxd6 Bxd4 24.Bxc7 Bxg1  0-1

[Event "Russia Cup w"]
[Site "St Petersburg RUS"]
[Date "2009.11.05"]
[Round "2.1"]
[White "Molchanova,T"]
[Black "Bodnaruk,A"]
[Result "0-1"]
[WhiteElo "2368"]
[BlackElo "2372"]

1.e4 c5 2.Nf3 d6 3.d4 Nf6 4.Nc3 cxd4 5.Nxd4 a6 6.Be3 e5 7.Nb3 Be6 8.h3 Be7
9.Qf3 Nbd7 10.O-O-O b5 11.g4 O-O 12.Nd5 Bxd5 13.exd5 b4 14.Kb1 a5 15.g5 Ne8
16.Bd3 Nc7 17.Rhg1 f5 18.gxf6 Nxf6 19.Bf5 Kh8 20.Qg3 g6 21.Bg4 a4 22.Nd2 a3
23.b3 Ncxd5 24.Ka1 Nxg4 25.Qxg4 Nxe3 26.fxe3 Rf2 27.Qxb4 d5 28.Qg4 Qc7 29.c4 Qa5
30.Nb1 e4 31.Rd4 Bf6 32.Qg3 Rf8 33.Qd6 Bxd4+ 34.exd4 dxc4 35.bxc4 Rf1 36.Rxf1 Rxf1
37.Qb8+ Kg7 38.Qb7+ Kh6 39.Qb3 Qe1 40.c5 e3 41.c6 Qxb1+ 42.Qxb1 Rxb1+ 43.Kxb1 e2  0-1